000 01346cam a22003857a 4500
003 CHAP
005 20220329143023.0
008 050823d1999 es r 00110 spa d
010 _a90770
011 _a91742
020 _a8449306388
035 _a102305
040 _cCHAP
082 0 4 _a330.15
_bA8
100 0 0 _aAmin, Samir.
_95416
245 1 3 _aEl capitalismo en la era de la globalización
_c/por Samir Amin
260 _aBarcelona :
_bPaidós,
_c1999.
300 _a188 p.
490 0 _aPaidós estado y sociedad
500 _aTrad. de : Capitalism in the age of globalization, 1997.
590 _aBATCH-UPD
_b10
_c20130110
_lUCH01
_h0419
590 _aBATCH-UPD
_b10
_c20130110
_lUCH01
_h2110
590 _aBATCH-UPD
_b10
_c20130410
_lUCH01
_h0054
590 _aBATCH-UPD
_b10
_c20130914
_lUCH01
_h0844
590 _aCONVERSION
_b10
_c20130109
_lUCH01
_h1350
650 1 4 _aCapitalismo.
_918711
650 1 4 _aGlobalización.
_948300
830 0 0 _aPaidós estado y sociedad
_984735
901 _aBK
905 _aAlejandra Carrasco M.
942 _cLIBRO
949 _a330.15 A8
_bBC
_cLIBRO
_d33724000977211
_eLIBRO
_fc.3
_gI.c/e
_h106459
_i102305
_si
_t$ 376.00
949 _a330.15 A8
_bBC
_cLIBRO
_d33724000977377
_eLIBRO
_fc.2
_h106451
_i102305
_si
_t$ 376.00
949 _a330.15 A8
_bBC
_cLIBRO
_d33724000977435
_eLIBRO
_h106450
_i102305
_si
_t$ 376.00
999 _c90770
_d90770